Derecho de la funcin̤ pb︢lica Rǧimen jurd̕ico de los funcionarios pb︢licos /

Detalles Bibliográficos
Autor principal: Palomar, Alberto
Formato: eBook
Lenguaje:español
Publicado: Madrid: Dykinson, 2016
Materias:
Acceso en línea:Acceso restringido

MARC

LEADER 00000nam a22000007a 4500
005 20161205011554.0
007 cr|||| |||
008 161205s2016 es |||||s|||| 00||0 spa d
020 |a 978-84-9085-777-9 
035 |a 14586 
040 |a vLex 
090 |c 6434  |d 6434 
100 1 |a Palomar, Alberto 
245 1 0 |a Derecho de la funcin̤ pb︢lica  |h [Recurso electrn̤ico] :  |b Rǧimen jurd̕ico de los funcionarios pb︢licos /  |c Alberto Palomar 
256 |a Servicio en ln̕ea 
260 |a Madrid:  |b Dykinson,  |c 2016 
300 |a 1 recurso electrn̤ico 
500 |a Han transcurrido ya algunos aǫs desde la publicacin̤ de la anterior edicin̤. El balance del tiempo transcurrido puede considerarse, ciertamente, complejo ya que lejos de profundizarse en el diseǫ de modelos sostenibles y propios de empleo pb︢lico de las diferentes Administraciones Pb︢licas este periodo entre ediciones se ha caracterizado por la legislacin̤ de ±emergencia» que hunde sus rac̕es en la crisis econm̤ica y toma como n︢ica referencia el gasto pb︢lico y la necesidad de su reduccin̤... ... Estas consideraciones nos llevan en el momento de la publicacin̤ de esta undčima edicin̤ del Derecho de la funcin̤ Pb︢lica a reclamar la necesidad de la profesionalizacin̤ en el diseǫ de polt̕icas pb︢licas en la materia y a la apuesta por medidas de ejecucin̤ que estň en consonancia con las propias necesidades de cada organizacin̤ y no a la formulacin̤ de normas generales, indiscriminadas, pensadas en clave de gasto pb︢lico y cuyos efectos finales sobre el sistema —se diga o no— serǹ perceptibles a medio y largo plazo.  
506 1 |a Disponible solo en los productos indicados  |d vLex Global  |d vLex Global (Academic Edition, excluding Law Schools)  |d vLex Global (U.S. Academic Edition, Law Schools)  |d vLex Global (U.S. Academic Edition, excluding Law Schools)  |d vLex Global (Academic Edition, Law Schools) 
650 0 4 |a Derecho Pb︢lico y Administrativo  |z Espaą 
740 0 |a vLex Libros (Servicio en ln̕ea) 
856 4 0 |u http://vlex.com/source/derecho-de-la-funcion-publica-regimen-juridico-de-los-funcionarios-publicos-14586  |z Acceso restringido 
942 |c BOOK 
999 0 |a Public and Administrative Law